Normal view
MARC view
- Holman, J.P
Entry Personal Name
001 - CONTROL NUMBER
- control field: 87243
003 - CONTROL NUMBER IDENTIFIER
- control field: NUST
005 - DATE AND TIME OF LATEST TRANSACTION
- control field: 20220103101226.0
008 - FIXED-LENGTH DATA ELEMENTS
- fixed length control field: 220103|| aca||aabn | a|a d
040 ## - CATALOGING SOURCE
- Original cataloging agency: NUST
- Transcribing agency: NUST
100 ## - HEADING--PERSONAL NAME
- Personal name: Holman, J.P
670 ## - SOURCE DATA FOUND
- Source citation: Work cat.: (NUST)33614: Holman, J.P, Experimental Methods for Engineers /, 2014.
